100 Scottish Islands - Statistics

General Stats
  • This quiz has been taken 138 times
  • The average score is 35 of 100
Answer Stats
Rank Group Answer % Correct
1 Lewis and Harris Lewis and Harris
96%
4 Mull Mull
94%
2 Skye Skye
94%
5 Islay Islay
92%
20 Uists and Barra Barra
90%
3 Shetland Mainland, Shetland
90%
6 Orkney Mainland, Orkney
88%
7 Firth of Clyde Arran
83%
10 Uists and Barra North Uist
81%
9 Uists and Barra South Uist
81%
8 Islay Jura
79%
15 Small Isles Rum
77%
13 Firth of Clyde Bute
73%
28 Small Isles Eigg
71%
16 Uists and Barra Benbecula
67%
12 Orkney Hoy
67%
56 Mull Iona
67%
70 Small Isles Muck
67%
18 Mull Coll
65%
19 Skye Raasay
63%
14 Shetland Unst
63%
11 Shetlnad Yell
63%
17 Mull Tiree
60%
24 Orkney Westray
56%
26 Islay Colonsay
52%
46 Small Isles Canna
46%
86 Loch Linnhe Eriska
44%
45 Firth of Clyde Great Cumbrae
44%
33 Loch Linhe Lismore
44%
21 Orkney Sanday
44%
35 Mull Ulva
44%
53 Orkney Papa Westray
42%
41 Islay Gigha
40%
52 Skye South Rona
40%
61 Shetland Fair Isle
38%
65 St Kilda Hirta
38%
64 Orkney North Ronaldsay
38%
84 Firth of Clyde Little Cumbrae
35%
71 Islay Oronsay
35%
32 Skye Scalpay
33%
66 Lewis and Harris Scalpay
33%
50 Uists and Barra Berneray
31%
39 Islay Scarba
31%
42 Slate Islands Seil
31%
29 Orkney Shapinsay
31%
63 Uists and Barra Eriskay
29%
75 Mull Gometra
29%
60 Lewis and Harris Pabbay
29%
98 Uists and Barra Pabbay
29%
23 Orkney Rousay
29%
25 Shetlnad Fetlar
27%
43 Shetland Foula
27%
34 Lewis and Harris Great Bernera
27%
44 Firth of Lorne Kerrera
27%
68 Uists and Barra Mingulay
27%
22 Orkney South Ronaldsay
27%
27 Orkney Stronsay
27%
51 Uists and Barra Vatersay
27%
30 Shetland Bressay
25%
31 Orkney Eday
25%
40 Slate Islands Luing
25%
49 Skye Soay
25%
57 Orkney Flotta
23%
36 Shetland Whalsay
23%
73 Shetland East Burra
21%
59 Shetland Papa Stour
21%
38 Lewis and Harris Taransay
21%
96 Slate Islands Lunga
19%
74 Slate Islands Shuna
19%
62 Shetland West Burra
19%
55 Orkney Burray
17%
72 Small Isles Eilean Shona
17%
81 Shetland Noss
17%
78 Highland Stroma
17%
58 Uists and Barra Grimsay
15%
88 Highland Handa
15%
85 Orkney Wyre
15%
37 Shetland Muckle Roe
13%
48 Lewis and Harris Scarp
13%
47 Orkney South Walls
13%
90 Orkney Fara
10%
76 Orkney Graemsay
10%
97 Firth of Clyde Holy Isle
10%
77 Uists and Barra Sandray
10%
82 Shetland Vaila
10%
67 Orkney Egilsay
8%
100 Orkney Gairsay
8%
92 Shetland Trondra
8%
99 Orkney Calf of Eday
6%
69 Uists and Barra Ronay
6%
87 Summer Isles Tanera Mor
6%
80 Shetland Vementry
6%
79 Uists and Barra Wiay
6%
54 Uists and Barra Baleshare
4%
83 Islay Danna
4%
91 Shetland Hascosay
4%
94 Firth of Clyde Inchmaranock
4%
89 Highland Isle of Ewe
4%
93 Lewis and Harris Seaforth Island
4%
95 Uists and Barra Vallay
2%
No matching quizzes found
Score Distribution
Percent of People with Each Score
Percentile by Number Answered
Your Score History
You have not taken this quiz